000 00778nam a2200265 i 4500
001 C2-0143742
003 PPAK
005 20180727130111.0
008 980117s1980 nyua|||| ||||| | eng d
020 _a0195804376
040 _aPPAK
_beng
_cPPAK
_erda
082 0 4 _a321.9595
_223
090 0 0 _a321.9595
_bMAN
_dG
090 0 0 _a321.9595
_bMAN
_dKMI
090 0 0 _a321.9595
_bMAN
_dR
100 1 _aManderson, Lenore,
_eauthor
245 1 0 _aWomen, politics, and change :
_bthe Kaum Ibu UMNO, Malaysia, 1945-1972
264 1 _aNew York :
_bOxford University Press ,
_c1980
300 _a294 pages :
_billustrations ;
_c24 cm
336 _2rdacontent
_atext
337 _2rdamedia
_aunmediated
338 _2rdacarrier
_avolume
650 1 0 _aWomen - Politic.
942 _ddc
_cB
999 _c45197
_d45197